Joe Biden Trivia - Statistics

General Stats
  • This quiz has been taken 72 times
  • The average score is 11 of 15
Answer Stats
Hint Answer % Correct
Pandemic that was still ongoing when he entered office Covid-19
97%
Country that was invaded by Russia during his presidency Ukraine
97%
The year he became President 2021
95%
His political party Democratic
95%
After dropping out of the 2024 Presidential race, he endorsed this candidate Kamala Harris
95%
His (current) wife's name Jill
90%
He withdrawed from this war-torn Nation Afghanistan
84%
He was the second President after John F. Kennedy to practice this branch of Christianity Catholicism
84%
City where he was born, later made famous by The Office Scranton
82%
He made this day a Federal Holiday Juneteenth
69%
At the time of his election he was the ______ President to assume office Oldest
69%
War that broke out in the Middle East in the latter half of his tenure Gaza war
58%
CHIPS and Science Act
27%
Inflation Reduction Act
21%
Three major Acts he signed Infrastructure Investment and Jobs Act
15%
No matching quizzes found
Score Distribution
Percent of People with Each Score
Percentile by Number Answered
Your Score History
You have not taken this quiz